Players that played for Barcelona and Real Madrid - Statistics

General Stats
  • This quiz has been taken 241 times
    218 since last reset
  • The average score is 6 of 34
Answer Stats
Country Player % Correct
Portugal Luis Figo
96%
Brazil Ronaldo
91%
Cameroon Samuel Etoo
84%
Denmark Michael Laudrup
67%
Spain Luis Enrique
50%
Romania Gheorghe Hagi
47%
Argentina Javier Saviola
34%
Germany Bernd Schuster
23%
Croatia Robert Prosinecki
13%
Spain Marcos Alonso
10%
Spain Albert Celades
9%
Spain Julen Lopetegui
9%
Spain Luis Milla
8%
Spain Ricardo Zamora
6%
Spain Alfonso Perez
5%
France Lucien Muller
5%
Spain Daniel Garcia Lara
4%
Spain Miquel Soler
4%
Spain Alfonso Albeniz
3%
Spain Alfonso Navarro
3%
Belgium Fernand Goyvaerts
3%
Spain Fernando “Nando“ Munoz
3%
Spain Jesus Maria Pereda
3%
Spain Josep Samitier
3%
Germany Walter Rozitsky
3%
Spain Arsenio Comamala
2%
Spain Enrique Normand Faurie
2%
Brazil Evaristo de Macedo
2%
Spain Hilario
2%
Spain Jose Quirante
2%
Spain Justo Tejada
2%
Hungary Laszlo Kaszas
2%
Spain Lorenzo Amador
2%
Spain Luciano Lizarraga
2%
No matching quizzes found
Score Distribution
Percent of People with Each Score
Percentile by Number Answered
Your Score History
You have not taken this quiz since the last reset